| 000 | 00822nam a2200277Ia 4500 | ||
|---|---|---|---|
| 003 | OSt | ||
| 005 | 20221006160057.0 | ||
| 006 | a|||||r|||| 00| 0 | ||
| 007 | ta | ||
| 008 | 221006b |||||||| |||| 00| 0 eng d | ||
| 020 |
_a9780815764359 _cCDN _22.95 |
||
| 024 | _a44,224 | ||
| 037 |
_bGift, KCC (Window on Korea) _cTextual |
||
| 040 |
_aEASL _cEASL _beng |
||
| 041 |
_2eng _aeng |
||
| 082 | _aW.4952.N9, P0 | ||
| 100 |
_aOh Kongdan,etc _9671797 |
||
| 245 | 0 | _aNorth Korea through the looking glass | |
| 260 |
_aWashington _bBrookings institution press _c2000 |
||
| 300 |
_a256p. _ccm. |
||
| 490 | _v KEL | ||
| 650 |
_a Korea- politics and government _9647107 |
||
| 650 | _aKEL | ||
| 942 |
_hW.4952.N9, P0 _cTEXL _2CC |
||
| 999 |
_c1112316 _d1112316 |
||